000 00433cam a2200181ua 4500
020 _c28.00
041 _aeng
_h
082 _a632.3
_bSIN/PL
100 _aSingh, RS .
245 _aPlant diseases /
_cR S Singh.
_hTextual Documents
250 _a5 /
_b.
260 _aNew Delhi :
_bOxford & IBH Publishing company ,
_c1983.
300 _a605 ; .
365 _a28.00
504 _a
942 _cBK
999 _c9459
_d9459